00646nam a2200193Ia 4500999001700000082001700017100001700034245004800051250001200099260003300111300001000144440009100154504001600245650002600261650002000287650002000307942000700327952011800334 c14924d14924 a011.02 CHA-; aChandler, G. 0aHow to find out printed and on-line sources a5th ed. aOxfordbPergamon Pressc1982 a250p. aPergamon international library of sciences, technology, engineering and social studies aincludesdex aInformation resources aLibrary science aOn-line sources cBK 00104070aNASSDOCbNASSDOCd2004-10-08i2004-10-22l0o011.02 CHA-;p16709r2019-04-18 00:00:00w2019-04-18yBK